| 000 | 00419nam a2200157 a 4500 | ||
|---|---|---|---|
| 005 | 20140412111409.0 | ||
| 008 | 070718s19uu xx 00 eng d | ||
| 020 | _a1-84332-017-7 | ||
| 050 |
_aER _bKi65 2003 |
||
| 245 | _aKitten and friends. | ||
| 260 |
_aLondon : _bSt. Martin Press, _c2003. |
||
| 440 | _aHappy baby | ||
| 500 | _a"Touch, feel and say" | ||
| 650 | _aKittens -Juvenile Literature | ||
| 999 |
_c105621 _d105621 |
||